Tiếng hoa trong du lịch

Spremljeno u:
Bibliografski detalji
Glavni autor: Trương, Văn Giới
Format: Knjiga
Izdano: Hà Nội Khoa học xã hội 2010
Teme:
Oznake: Dodaj oznaku
Bez oznaka, Budi prvi tko označuje ovaj zapis!
Thư viện lưu trữ: Trung tâm Học liệu Lê Vũ Hùng, Trường Đại học Đồng Tháp
LEADER 00840aam a22003378a 4500
001 00036019
005 20171026081025.0
008 170112s2010 ||||||Viesd
020 # # |c 80000 
041 0 # |a Vie 
082 1 4 |a 338.4  |b T306H 
100 1 # |a Trương, Văn Giới 
245 1 0 |a Tiếng hoa trong du lịch  |c Trương Văn Giới 
260 # # |a Hà Nội  |b Khoa học xã hội  |c 2010 
300 # # |a 430tr.  |c 21cm. 
653 # # |a Giao tiếp 
653 # # |a Tiếng trung 
653 # # |a Tự học 
653 # # |a Du lịch 
852 # # |b Kho đọc  |j KD.0019470 
852 # # |j KD.0019470 
910 |d 12/01/2017 
980 # # |a Trung tâm Học liệu Lê Vũ Hùng, Trường Đại học Đồng Tháp